000 00268nam a2200109Ia 4500
008 201231s9999 xx 000 0 und d
100 _aChang, Richard Y.
245 0 _aSatisfying internal customers first
260 _aLondon
_bKolgan Page
300 _a104
942 _cBK
999 _c9304
_d9304